| 000 | 01305nam a2200325 c 4500 | ||
|---|---|---|---|
| 003 | BLK | ||
| 005 | 20250322112601.0 | ||
| 008 | 180412b bul|||||r ||||||| ||bul|| | ||
| 010 | _aKNG00011676000 | ||
| 020 |
_a954-420-159-9 _bиздат.: Медицина и физкултура - на том |
||
| 040 | _aBLK | ||
| 041 |
_aBUL _cBUL |
||
| 080 |
_aАнатомия. Вж и 572 ; 591.4 ; 616.1/.9 ; 343.9 ; 743 _b611 _x(075.8) _z611(075.8) |
||
| 700 | 1 |
_aВасилев, Васил Асенов _eавт. на том _9253281 |
|
| 139 |
_aАнатомия на човека _bА 64 |
||
| 245 | 1 | 0 |
_aАнатомия на човека _bУчебник за студенти по медицина и стоматология : Ч. 1 - _cавт. на том Васил Асенов Василев. _nЧ. 2 |
| 257 | _aBGR | ||
| 260 |
_аСофия _c1995 - |
||
| 300 | _c30 см | ||
| 380 | _a61 | ||
| 650 | 4 |
_aАнатомия - учебници за ВУЗ _9241831 |
|
| 653 | _aанатомия | ||
| 760 | 1 |
_3- на том _dМедицина и физкултура, 1996 _h412 с. : със сх. _tЧ. 2 |
|
| 852 | _aЦб ІІ 8448 | ||
| 856 | 4 |
_qpdf _u |
|
| 856 | 4 |
_qpdf _u |
|
| 942 |
_cKNG _n0 _01 |
||
| 944 |
_aCR _c20.03.2003 _k30563 _lИвелин Русев |
||
| 944 |
_aED _c25.01.2013 _k |
||
| 999 |
_c10207 _d10207 |
||